000 00315nam a22001337a 4500
020 _a81-7176-494-0
082 _a158
_bBHA/D
100 _aBHATIA, TAMANNA
245 _aDREAM ON YOU CAN ACHIEVE
260 _aMUMBAI
_bPAULINE PUBLICATIONS
300 _a104
650 _aPERSONALITY DEVELOPMENT
_zMUMBAI
942 _cBK
999 _c5181
_d5181